[Event "World Blitz 2023"]
[Site "Samarkand UZB"]
[Date "2023.12.30"]
[Round "17.44"]
[White "Orozbaev, Eldiar"]
[Black "Gharibyan, Mamikon"]
[Result "1-0"]
[WhiteElo "2236"]
[BlackElo "2444"]
[EventDate "2023.12.29"]

1. e4 c5 2. c3 Qa5 3. Na3 e6 4. Nc4 Qc7 5. Nf3 Nc6 6. d4 cxd4 7. cxd4 d5 8.
exd5 exd5 9. Nce5 Nf6 10. Bd3 Bd6 11. O-O O-O 12. Nxc6 bxc6 13. h3 Ne4 14.
Qc2 Re8 15. Be3 Bd7 16. Rfe1 h6 17. a3 a5 18. Rac1 Qd8 19. Nd2 Qh4 20. Bxe4
dxe4 21. Nc4 Bc7 1-0

[Event "World Blitz 2023"]
[Site "Samarkand UZB"]
[Date "2023.12.30"]
[Round "17.45"]
[White "Brunello, Sabino"]
[Black "Garayev, Kanan"]
[Result "1-0"]
[WhiteElo "2573"]
[BlackElo "2260"]
[EventDate "2023.12.29"]

1. d4 d5 2. Nf3 e6 3. c4 a6 4. Bg5 Be7 5. Bxe7 Nxe7 6. Nbd2 O-O 7. Rc1 b6
8. g3 dxc4 9. Nxc4 Bb7 10. Bg2 Nd7 11. O-O Nf6 12. Nfe5 Bxg2 13. Kxg2 b5
14. Ne3 Ned5 15. Nc2 Rc8 16. Nd3 Nb6 17. f3 h5 18. b3 h4 19. Qe1 g6 20. g4
Nfd7 21. Ncb4 Qf6 22. Nc6 Nd5 23. e4 Nf4+ 24. Nxf4 Qxf4 25. Ne7+ Kg7 26.
Nxc8 h3+ 27. Kg1 Rxc8 28. Rf2 Qd6 29. Qc3 b4 30. Qb2 Kh7 31. Qd2 a5 32. g5
Rd8 33. Qe3 Nb6 34. Rd2 Rd7 35. f4 Kg7 36. Rf1 c5 37. f5 exf5 38. exf5 cxd4
39. f6+ Kg8 40. Qe8+ Qf8 41. Qxf8+ Kxf8 42. Rfd1 Rd5 43. Rxd4 Rxg5+ 44. Kh1
Kg8 45. Rd8+ Kh7 46. Rf8 Nd5 47. Rxf7+ Kh6 48. Rf8 Rf5 49. f7 Kg7 50. Rd8
Ne3 51. f8=Q+ 1-0

[Event "World Blitz 2023"]
[Site "Samarkand UZB"]
[Date "2023.12.30"]
[Round "17.46"]
[White "Karthik, Venkataraman"]
[Black "Gareyev, Timur"]
[Result "1-0"]
[WhiteElo "2440"]
[BlackElo "2569"]
[EventDate "2023.12.29"]

1. e4 g6 2. d4 d6 3. Nc3 a6 4. h4 h5 5. Be3 b5 6. Qd2 Bb7 7. f3 Nd7 8. Nh3
Bg7 9. Ng5 e5 10. O-O-O Ngf6 11. a3 Qe7 12. Kb1 Nb6 13. Rg1 Nfd7 14. Qf2 f6
15. Nh3 O-O-O 16. d5 f5 17. Ng5 f4 18. Bc1 Bf6 19. g3 Bxg5 20. hxg5 fxg3
21. Qxg3 Kb8 22. Bd3 Nc5 23. f4 exf4 24. Bxf4 Nbd7 25. b4 Nxd3 26. cxd3 h4
27. Qh2 Ne5 28. Rgf1 Ng4 29. Qg1 Qd7 30. Ne2 h3 31. Nd4 h2 32. Qg2 Rh4 33.
Nf3 Rh5 34. Nxh2 Nxh2 35. Bxh2 Rdh8 36. Bf4 Qg7 1-0

[Event "World Blitz 2023"]
[Site "Samarkand UZB"]
[Date "2023.12.30"]
[Round "17.47"]
[White "Abdisalimov, Abdimalik"]
[Black "Kobalia, Mikhail"]
[Result "1-0"]
[WhiteElo "2417"]
[BlackElo "2558"]
[EventDate "2023.12.29"]

1. e4 c5 2. Nf3 e6 3. d4 cxd4 4. Nxd4 Nc6 5. Bf4 d6 6. Nxc6 bxc6 7. c4 Rb8
8. Qd2 Qb6 9. b3 Qc7 10. Nc3 Nf6 11. Be2 e5 12. Be3 Be7 13. O-O O-O 14.
Rac1 Be6 15. Rfd1 h6 16. h3 Qb7 17. Bf3 Rfd8 18. Qc2 Rd7 19. Rd2 Rdd8 20.
Rcd1 Nd7 21. Bg4 Bxg4 22. hxg4 Nc5 23. Bxc5 dxc5 24. Na4 Rd4 25. Nc3 Bg5
26. Rd3 Qd7 27. Ne2 Rxd3 28. Rxd3 Qxg4 29. Nc3 Re8 30. Rd6 Re6 31. Qd1
Qxd1+ 32. Rxd1 Re7 33. Na4 Rc7 34. Nxc5 Be7 35. Na6 Rb7 36. c5 Kf8 37. b4
Ke8 38. a4 g6 39. b5 Rd7 40. Rxd7 Kxd7 41. Nb8+ Ke6 42. bxc6 Bd8 43. Kf1 h5
44. Ke2 g5 45. f3 Ba5 46. Kd3 Bc7 47. Na6 Ba5 48. Kc4 f5 49. exf5+ Kxf5 50.
c7 Bxc7 51. Nxc7 e4 52. fxe4+ Kxe4 53. Nd5 Ke5 54. Ne3 g4 55. g3 1-0

[Event "World Blitz 2023"]
[Site "Samarkand UZB"]
[Date "2023.12.30"]
[Round "17.48"]
[White "Van Foreest, Lucas"]
[Black "Gaehwiler, Gabriel"]
[Result "0-1"]
[WhiteElo "2519"]
[BlackElo "2448"]
[EventDate "2023.12.29"]

1. e4 e5 2. Nf3 Nf6 3. Nc3 Nc6 4. a4 g6 5. Bc4 Bg7 6. d3 d6 7. O-O Be6 8.
Bxe6 fxe6 9. Ne2 O-O 10. Ng3 Qd7 11. c3 a5 12. Re1 Qe7 13. Qb3 Rab8 14. Bd2
Nd7 15. Bg5 Qf7 16. Be3 Qe7 17. d4 exd4 18. Nxd4 Nc5 19. Qc4 Ne5 20. Qe2
Ned3 21. Red1 Nf4 22. Qb5 c6 23. Qc4 Rbe8 24. b4 Nd7 25. bxa5 Ne5 26. Qb3
Nfd3 27. Nde2 c5 28. f4 c4 29. Qa2 Ng4 30. Bb6 d5 31. h3 Nf6 32. e5 Nd7 33.
Be3 N7c5 34. Rab1 Ra8 35. Rb5 Nb3 36. Rxb3 cxb3 37. Qxb3 Nc5 38. Qb4 Rfc8
39. Nd4 Bf8 40. Nb5 Qh4 41. Bf2 Nd3 42. Qd4 Nxf2 43. Qxf2 Rxa5 44. Kh2 Rxa4
45. Nd6 Bxd6 46. exd6 Qd8 47. Qb2 Qxd6 48. Qxb7 Rf8 49. Ne2 Re4 50. Qb5 g5
51. Qd3 Qc7 52. Qf3 Rexf4 53. Nxf4 Qxf4+ 54. Qxf4 Rxf4 55. Ra1 Rc4 56. Ra3
Kg7 57. Kg1 Kf6 58. Kf2 Ke5 59. Ke2 h5 60. Kd3 g4 61. Ra2 gxh3 62. gxh3 Rh4
63. Re2+ Kd6 64. Re3 Rf4 65. Rg3 e5 66. Rg6+ Kc5 67. Rg5 e4+ 68. Kd2 Rf2+
69. Ke1 Rf3 70. Rxh5 Rxc3 71. h4 Kd4 72. Rg5 Rh3 73. h5 Kc4 74. Kf2 Rf3+
75. Kg2 Rf6 76. Rg6 Rf5 77. h6 Rh5 78. Kg3 Kd3 79. Kg4 Rh1 80. Kf4 e3 81.
Ra6 e2 82. Ra3+ Kc4 0-1

[Event "World Blitz 2023"]
[Site "Samarkand UZB"]
[Date "2023.12.30"]
[Round "17.49"]
[White "Ansat, Aldiyar"]
[Black "Savchenko, Boris"]
[Result "0-1"]
[WhiteElo "2404"]
[BlackElo "2513"]
[EventDate "2023.12.29"]

1. e4 c5 2. Nf3 d6 3. d4 cxd4 4. Nxd4 Nf6 5. Nc3 Nc6 6. Bg5 Bd7 7. Qd2 h6
8. Bxf6 gxf6 9. Nf5 Qa5 10. O-O-O Bxf5 11. exf5 Qxf5 12. Kb1 e6 13. Bd3 Qa5
14. Qf4 Qe5 15. Qf3 Be7 16. Rhe1 Qa5 17. Bb5 Rc8 18. Qh5 Kf8 19. Qh3 f5 20.
Be2 h5 21. f4 d5 22. a3 Rh6 23. g4 fxg4 24. Bxg4 d4 25. Ne2 d3 26. cxd3
Bxa3 27. Nc3 Bxb2 28. Kxb2 Qb4+ 29. Ka2 Qxc3 30. Bxe6 Rxe6 31. Rxe6 Nb4+
32. Kb1 Qc2+ 0-1

[Event "World Blitz 2023"]
[Site "Samarkand UZB"]
[Date "2023.12.30"]
[Round "17.51"]
[White "Saydaliev, Saidakbar"]
[Black "Xiu, Deshun"]
[Result "0-1"]
[WhiteElo "2323"]
[BlackElo "2493"]
[EventDate "2023.12.29"]

1. e4 e5 2. Nf3 Nc6 3. Bc4 Bc5 4. d3 Nf6 5. Nc3 d6 6. Na4 Bb6 7. O-O h6 8.
h3 g5 9. Nh2 Rg8 10. c3 Qe7 11. b4 h5 12. Nxb6 axb6 13. Kh1 h4 14. d4 g4
15. dxe5 Nxe5 16. Bb5+ c6 17. Be2 g3 18. fxg3 hxg3 19. Nf3 Bxh3 20. Nxe5
dxe5 21. Bf3 Be6 22. Kg1 Nd7 23. Qd2 O-O-O 24. Re1 Nc5 25. Qh6 Nd3 26. Be3
Rh8 27. Qg5 Qxg5 28. Bxg5 Nf2 0-1

[Event "World Blitz 2023"]
[Site "Samarkand UZB"]
[Date "2023.12.30"]
[Round "17.52"]
[White "Bologan, Victor"]
[Black "Fayzullaev, Akmal"]
[Result "0-1"]
[WhiteElo "2489"]
[BlackElo "2342"]
[EventDate "2023.12.29"]

1. e4 c5 2. Nf3 d6 3. Bb5+ Nd7 4. d4 cxd4 5. Nxd4 Nf6 6. O-O g6 7. Re1 Bg7
8. Bf1 O-O 9. c4 Nc5 10. Nc3 Bd7 11. Nc2 a6 12. Rb1 b5 13. b4 Ne6 14. cxb5
axb5 15. Nxb5 Rxa2 16. Nba3 Ba4 17. Bc4 Bxc2 18. Nxc2 Ra8 19. Bxe6 fxe6 20.
Nd4 Qd7 21. Qb3 d5 22. exd5 exd5 23. Ne6 Ng4 24. Nxg7 Kxg7 25. Bb2+ Kg8 26.
f3 Qa7+ 0-1

[Event "World Blitz 2023"]
[Site "Samarkand UZB"]
[Date "2023.12.30"]
[Round "17.53"]
[White "Kazhgaleyev, Murtas"]
[Black "Seemann, Jakub"]
[Result "1/2-1/2"]
[WhiteElo "2488"]
[BlackElo "2332"]
[EventDate "2023.12.29"]

1. d4 Nf6 2. c4 e6 3. Nc3 Bb4 4. e3 O-O 5. Bd3 d5 6. a3 Bxc3+ 7. bxc3 dxc4
8. Bxc4 c5 9. Nf3 Qc7 10. Be2 b6 11. O-O Bb7 12. Bb2 Nc6 13. c4 cxd4 14.
exd4 Rfd8 15. h3 Rac8 16. Rc1 Na5 17. Qd3 Ba6 18. Ne5 Nd7 19. Nxd7 Qxd7 20.
d5 Nxc4 21. Ba1 Qxd5 22. Qg3 e5 23. Rfd1 Qe6 24. Rxd8+ Rxd8 25. Bxc4 Bxc4
26. Bxe5 f6 27. Bxf6 Qxf6 28. Rxc4 h6 29. Rc7 a5 30. Rb7 a4 31. Kh2 Kh8 32.
Qe3 Rd6 33. Rb8+ Kh7 34. Qe4+ Qg6 35. Qc4 Qe6 36. Qxa4 Qe5+ 37. f4 Qe3 38.
Qc4 Rd3 39. Qg8+ Kg6 40. Qe8+ Qxe8 41. Rxe8 Rxa3 42. g4 Kf7 43. Rc8 b5 44.
Rc7+ Kf6 45. Rc6+ Kf7 46. Rb6 Rb3 47. Kg2 b4 48. h4 Ke7 49. f5 Rb1 50. g5
hxg5 51. hxg5 b3 52. Rb7+ Kf8 53. Kf2 b2 54. Kg2 Ke8 55. f6 gxf6 56. gxf6
Kf8 57. Kh2 Kg8 58. Kg2 Kf8 1/2-1/2

[Event "World Blitz 2023"]
[Site "Samarkand UZB"]
[Date "2023.12.30"]
[Round "17.54"]
[White "Sapenov, Daniyal"]
[Black "Amar, Elham"]
[Result "0-1"]
[WhiteElo "2289"]
[BlackElo "2470"]
[EventDate "2023.12.29"]

1. d4 Nf6 2. Nf3 d5 3. c4 e6 4. g3 Bb4+ 5. Bd2 Be7 6. Bg2 O-O 7. O-O c6 8.
Qc2 Nbd7 9. Bf4 a5 10. Rd1 dxc4 11. Qxc4 Nd5 12. Bd2 b5 13. Qc2 Bb7 14. e4
Nb4 15. Bxb4 axb4 16. Nbd2 c5 17. dxc5 Nxc5 18. Nb3 Qc7 19. Nxc5 Bxc5 20.
h4 Rac8 21. Rac1 Qa5 22. b3 Be3 23. Qxc8 Bxf2+ 24. Kxf2 Bxc8 25. Rc2 Bb7
26. Ne5 Rd8 27. Rcd2 Rxd2+ 28. Rxd2 h5 29. Bf3 g6 30. Nd7 Qa7+ 31. Kg2 Qe3
32. Re2 Qd4 33. Nb8 Qd6 0-1

[Event "World Blitz 2023"]
[Site "Samarkand UZB"]
[Date "2023.12.30"]
[Round "17.55"]
[White "Pingin, Artem"]
[Black "Pranav, V"]
[Result "0-1"]
[WhiteElo "2358"]
[BlackElo "2562"]
[EventDate "2023.12.29"]

1. e4 e5 2. Nf3 Nc6 3. Bb5 a6 4. Ba4 Nf6 5. O-O b5 6. Bb3 Bc5 7. a4 Rb8 8.
c3 d6 9. d4 Bb6 10. a5 Ba7 11. Be3 O-O 12. h3 Ra8 13. Nbd2 h6 14. Re1 Re8
15. dxe5 Nxe5 16. Bxa7 Rxa7 17. Nxe5 dxe5 18. Qe2 c5 19. Qe3 Qe7 20. Nf1 c4
21. Bc2 Rd7 22. Ng3 Rd6 23. Red1 Be6 24. Rxd6 Qxd6 25. Nf1 Qc7 26. Qb6 Qxb6
27. axb6 Bc8 28. Ne3 Rd8 29. f3 Kf8 30. b3 cxb3 31. Bxb3 Rd6 32. Kf2 Rxb6
33. Ke2 Rc6 34. Kd2 Be6 35. Bxe6 Rxe6 36. c4 bxc4 37. Nxc4 Nd7 38. Ra5 f6
39. Ke2 Rc6 40. Ne3 Nc5 41. Nd5 Ne6 42. Kf2 h5 43. h4 Kf7 44. Kg3 Nd4 45.
Nb4 Rb6 46. Nxa6 Rb2 47. Nc5 Ne2+ 48. Kh2 Nf4 49. Ra7+ Kg6 50. Nd7 Rxg2+
51. Kh1 Rg3 52. Ra6 Kh7 53. Ra7 Kh6 54. Ra6 Ng6 55. Ra8 Rxf3 56. Kg2 Nxh4+
57. Kh2 Ng6 58. Nc5 Nf4 59. Rh8+ Kg5 60. Rg8 g6 61. Nd7 Re3 62. Nf8 Rxe4
63. Nh7+ Kf5 64. Rf8 Re2+ 65. Kg1 Nd5 66. Rd8 Rd2 67. Rd6 Rd4 68. Ra6 h4
69. Nf8 Nf4 70. Nh7 Nd5 71. Kh2 g5 72. Ra2 g4 73. Nf8 Nf4 74. Ra1 g3+ 75.
Kh1 Rd2 0-1

[Event "World Blitz 2023"]
[Site "Samarkand UZB"]
[Date "2023.12.30"]
[Round "17.56"]
[White "Ganguly, Surya Shekhar"]
[Black "Sattarov, Bobir"]
[Result "1-0"]
[WhiteElo "2549"]
[BlackElo "2351"]
[EventDate "2023.12.29"]

1. e4 e5 2. Nf3 Nc6 3. d4 exd4 4. Nxd4 Nf6 5. Nxc6 bxc6 6. Nd2 d6 7. Bd3
Be7 8. O-O O-O 9. f4 Ng4 10. Qe2 d5 11. Nf3 Bc5+ 12. Kh1 Re8 13. e5 Rb8 14.
c3 a5 15. h3 Nh6 16. Qc2 g6 17. g4 f5 18. Nd4 Qh4 19. Qh2 fxg4 20. hxg4
Qxh2+ 21. Kxh2 Nxg4+ 22. Kg3 Bxd4 23. cxd4 Bf5 24. Be2 h5 25. b3 a4 26.
bxa4 Rb4 27. a5 Rxd4 28. a6 Ra4 29. Rf3 h4+ 30. Kxh4 Nxe5 31. Ra3 Re4 32.
a7 Ra8 33. Rb1 Kf7 34. Rb8 Rxa7 35. Rxa7 Rxe2 36. fxe5 Ke6 37. Rxc7 d4 38.
Rd8 Rh2+ 39. Kg3 Rh3+ 40. Kg2 Kxe5 41. Re7+ Kf6 42. Re1 Rc3 43. Rxd4 Rc2+
44. Rd2 Rc4 45. Bb2+ Kg5 46. Re3 Ra4 47. a3 Rc4 48. Rg3+ Kf4 49. Rf2+ Ke4
50. Re2+ Kd5 51. Rge3 Rh4 52. Rd2+ Kc5 53. Bf6 Rg4+ 54. Kf2 Kb5 55. Rd4
Rxd4 56. Bxd4 1-0

[Event "World Blitz 2023"]
[Site "Samarkand UZB"]
[Date "2023.12.30"]
[Round "17.57"]
[White "Bakhrillaev, Bakhrom"]
[Black "Xu, Xiangyu"]
[Result "0-1"]
[WhiteElo "1994"]
[BlackElo "2491"]
[EventDate "2023.12.29"]

1. d4 Nf6 2. c4 e6 3. Nc3 Bb4 4. e3 O-O 5. Bd3 d5 6. Nf3 dxc4 7. Bxc4 c5 8.
O-O Bd7 9. a3 Ba5 10. Qe2 Bc6 11. Rd1 Bxc3 12. bxc3 Nbd7 13. a4 Re8 14. Bd3
Qa5 15. Bd2 e5 16. c4 Qc7 17. d5 e4 18. dxc6 Qxc6 19. Bc3 Rad8 20. Bc2 exf3
21. Qxf3 Qxf3 22. gxf3 Nb6 23. Bb3 Kf8 24. Bxf6 gxf6 25. a5 Nd7 26. Ba4 Ke7
27. f4 b6 28. axb6 Rg8+ 29. Kf1 Nxb6 30. Rxd8 Rxd8 31. Bb5 Ra8 32. Bc6 Rb8
33. Rxa7+ Kf8 34. Bb5 Nc8 35. Rc7 Nd6 36. Rxc5 Ne4 37. Rh5 Rd8 38. Bc6 Nd2+
39. Ke2 Nxc4 40. Rxh7 Rd2+ 41. Ke1 Rd6 42. Be4 Nd2 43. Bg2 Nb3 44. Rh8+ Kg7
45. Rb8 Nc5 46. Rc8 Ne6 47. Rc6 Rd8 48. h3 Ra8 49. Be4 Ra5 50. Ke2 Nc5 51.
Bg2 Ra2+ 52. Kf3 Nd3 53. Kg3 Nxf2 54. Bd5 Rd2 55. e4 Nh1+ 56. Kf3 Rf2+ 57.
Ke3 Rh2 58. Rc7 Rxh3+ 59. Kd4 Nf2 60. Rxf7+ Kg6 61. f5+ Kg5 62. Rg7+ Kf4
63. Rf7 Ng4 64. Rf8 Rh1 65. Kc5 Ra1 66. Kd6 Ra6+ 67. Ke7 Ke5 68. Kf7 Ra7+
69. Kg6 Kf4 70. Re8 Rc7 71. Re6 Ra7 72. Bc4 Ne5+ 73. Kxf6 Rf7# 0-1

[Event "World Blitz 2023"]
[Site "Samarkand UZB"]
[Date "2023.12.30"]
[Round "17.58"]
[White "Chanda, Sandipan"]
[Black "Mustafaev, Jamshid"]
[Result "1-0"]
[WhiteElo "2490"]
[BlackElo "2323"]
[EventDate "2023.12.29"]

1. d4 Nf6 2. c4 g6 3. Nc3 Bg7 4. e4 d6 5. Be2 O-O 6. Bg5 h6 7. Be3 e5 8. d5
Ne8 9. Qd2 Kh7 10. g4 f5 11. gxf5 gxf5 12. exf5 Bxf5 13. Bd3 e4 14. Nxe4
Nd7 15. Ng3 Bxd3 16. Qxd3+ Kh8 17. O-O-O Ne5 18. Qc2 Qh4 19. b3 Ng4 20. Nf5
Nxe3 21. Nxh4 Nxc2 22. Ng6+ Kg8 23. Nxf8 Nb4 24. Ne6 Nxa2+ 25. Kd2 Bc3+ 26.
Kc2 Bf6 27. Ne2 a5 28. N2d4 Nb4+ 29. Kd2 c5 1-0

[Event "World Blitz 2023"]
[Site "Samarkand UZB"]
[Date "2023.12.30"]
[Round "17.59"]
[White "Agmanov, Zhandos"]
[Black "Drazic, Sinisa"]
[Result "1-0"]
[WhiteElo "2407"]
[BlackElo "2276"]
[EventDate "2023.12.29"]

1. e4 c5 2. Nf3 h6 3. d4 cxd4 4. Nxd4 Nf6 5. Nc3 e5 6. Nb3 Bb4 7. Bd3 d5 8.
exd5 Nxd5 9. Bd2 Nxc3 10. bxc3 Bd6 11. O-O O-O 12. Qh5 Qf6 13. Be3 Nc6 14.
Nd2 Qe6 15. Ne4 Be7 16. Qe2 b6 17. Ng3 Qg4 18. f3 Qh4 19. Rad1 Qf6 20. Ne4
Qe6 21. Bc4 Qf5 22. Ng3 Qg6 23. Bd3 f5 24. Bc4+ Be6 25. Bf2 Rac8 26. Bb5
Qf6 27. Rfe1 Bf7 28. Rd7 Rfd8 29. Red1 Rxd7 30. Rxd7 Be6 31. Rd1 Kh8 32. a4
Na5 33. Re1 Bd6 34. f4 e4 35. Bd4 Qf7 36. Rd1 Bxf4 37. Nh5 Bg5 38. Nxg7 Kh7
39. Nxe6 Qxe6 40. Qh5 Rc7 41. Be8 Re7 42. Bb5 Qg6 43. Qe2 Qe6 44. Bf2 f4
45. Qh5 Qg6 46. Qg4 Kg7 47. Bd4+ Kh7 48. h4 Bf6 49. Qxg6+ Kxg6 50. Rf1
Bxd4+ 51. cxd4 Kf5 52. Kh2 Rc7 53. d5 Rxc2 54. d6 Rd2 55. d7 f3 56. Kh3 Kf4
57. gxf3 exf3 58. Rf2 Rd6 59. Rf1 Ke3 60. Re1+ Kf4 61. Re8 Nb7 62. Rb8 Rd1
63. Kh2 Rd2+ 1-0

[Event "World Blitz 2023"]
[Site "Samarkand UZB"]
[Date "2023.12.30"]
[Round "17.60"]
[White "Kakabayev, Mergen"]
[Black "Gallego Alcaraz, Andres Felipe"]
[Result "0-1"]
[WhiteElo "2255"]
[BlackElo "2384"]
[EventDate "2023.12.29"]

1. e4 c5 2. Nf3 Nc6 3. d4 cxd4 4. Nxd4 Nf6 5. Nc3 d6 6. f3 e5 7. Nb3 Be7 8.
Be3 O-O 9. Qd2 a5 10. Bb5 Be6 11. Nd5 Bxd5 12. exd5 Nb8 13. a4 Nbd7 14. O-O
h6 15. Kh1 Qc7 16. c4 Nc5 17. Nxc5 dxc5 18. Qd3 Bd6 19. Qf5 Nh7 20. Rae1
Rad8 21. Bf2 g6 22. Qd3 f5 23. Bg3 Rf7 24. Re2 Re7 25. Rfe1 Ng5 26. Qc3 Nf7
27. Bh4 g5 28. Bg3 e4 29. fxe4 f4 30. Bf2 Ne5 31. Qh3 Kg7 32. Rf1 Rf8 33.
Be1 Ref7 34. Bc3 Kg6 35. Bxe5 Bxe5 36. b3 h5 37. Qd3 Qd6 38. Ref2 g4 39.
Qc2 Rf6 40. Qd3 Kg5 41. Qd2 Kg6 42. Qd3 Kg7 43. Qc2 Bd4 44. Rd2 Qe5 45. Qd3
f3 46. g3 f2 47. Re2 Rf3 48. Qd2 Rxb3 49. d6 Rb2 50. Qd1 Rxe2 51. Qxe2 Qxd6
52. Kg2 Qe5 53. Bd7 Rf3 54. Bf5 Rb3 55. Qd2 Qf6 56. Qf4 Qe7 57. Qb8 Rb2 58.
Qc8 Re2 59. Be6 Qf8 60. Qd7+ Kh6 61. Bf5 Qg7 62. Qxb7 0-1

[Event "World Blitz 2023"]
[Site "Samarkand UZB"]
[Date "2023.12.30"]
[Round "17.61"]
[White "Vescovi, Giovanni"]
[Black "Shogdzhiev, Roman"]
[Result "1-0"]
[WhiteElo "2593"]
[BlackElo "2117"]
[EventDate "2023.12.29"]

1. Nf3 d5 2. g3 Nf6 3. Bg2 g6 4. O-O Bg7 5. d4 c6 6. c4 dxc4 7. Na3 b5 8.
Ne5 Nd5 9. b3 cxb3 10. Qxb3 Be6 11. Nxb5 Nb6 12. Qb2 cxb5 13. Qxb5+ N8d7
14. Nc6 Qc7 15. Bf4 Bc4 16. Qb4 Qxc6 17. Bxc6 Rc8 18. Bxd7+ Kxd7 19. Rac1
g5 20. Bxg5 f6 21. Bf4 Ke6 22. Rfe1 Bd5 23. e4 Ba8 24. d5+ Kf7 25. Be3 Rb8
26. Rc7 Nxd5 27. Qc4 Rb4 28. Qc5 Nxc7 29. Qxb4 Ne6 30. Bxa7 Rc8 31. a4 Ng5
32. Qb3+ Kg6 33. f3 e5 34. h4 Nf7 35. a5 Nd6 36. Bf2 Bc6 37. a6 Ra8 38. Qb6
Rc8 39. Rc1 Bxe4 40. Rxc8 Nxc8 41. fxe4 Nxb6 42. Bxb6 f5 43. a7 fxe4 44.
a8=Q Kf5 45. Kg2 h5 46. Qc8+ Kg6 47. Qe6+ Kh7 48. Bd8 e3 49. Kf3 Bh6 50.
Bg5 Bg7 51. Kxe3 Bh8 52. Qf7+ Bg7 53. Bf6 Kh8 54. Qxg7# 1-0

[Event "World Blitz 2023"]
[Site "Samarkand UZB"]
[Date "2023.12.30"]
[Round "17.62"]
[White "Pichot, Alan"]
[Black "Markov, Mikhail"]
[Result "1-0"]
[WhiteElo "2592"]
[BlackElo "2255"]
[EventDate "2023.12.29"]

1. e4 c5 2. Nf3 e6 3. c3 Nf6 4. e5 Nd5 5. d4 cxd4 6. cxd4 d6 7. Bc4 Nb6 8.
Bb3 dxe5 9. Nxe5 Nc6 10. Nxc6 bxc6 11. O-O g6 12. Bf4 Bg7 13. Be5 O-O 14.
Nc3 Ba6 15. Re1 Bc4 16. Rc1 Bd5 17. Na4 Nd7 18. Bxg7 Kxg7 19. Nc3 Rb8 20.
Bxd5 cxd5 21. b3 Rc8 22. Re2 Qf6 23. Rec2 Rb8 24. Ne2 Rb7 25. Rc7 Rfb8 26.
Qd2 Qd8 27. Qf4 a5 28. Qd6 Rxc7 29. Rxc7 Nf6 30. Qc6 Ne4 31. Nf4 Kg8 32. f3
Qf6 33. Ne2 Ng5 34. Qd6 Qf5 35. h4 Nxf3+ 36. gxf3 Qxf3 37. Rc2 Re8 38. Qf4
Qd3 39. Rd2 Qb1+ 40. Kg2 Qa1 41. h5 gxh5 42. Ng3 e5 43. Qg5+ Kf8 44. Qh6+
Ke7 45. Nf5+ Kd7 46. Qd6+ 1-0

[Event "World Blitz 2023"]
[Site "Samarkand UZB"]
[Date "2023.12.30"]
[Round "17.63"]
[White "Averin, Nikolay"]
[Black "Nasuta, Grzegorz"]
[Result "0-1"]
[WhiteElo "2283"]
[BlackElo "2467"]
[EventDate "2023.12.29"]

1. e4 c5 2. Nf3 e6 3. d4 cxd4 4. Nxd4 Nc6 5. Nb5 d6 6. c4 Nf6 7. N1c3 a6 8.
Nd4 Bd7 9. Be3 Rc8 10. Nxc6 Bxc6 11. f3 d5 12. exd5 exd5 13. a3 Bd6 14. Be2
O-O 15. O-O dxc4 16. Bxc4 Qc7 17. Kh1 Bxh2 18. f4 Bg3 19. Bd4 Rcd8 20. Ne2
Qc8 21. Nxg3 Qh3+ 0-1

[Event "World Blitz 2023"]
[Site "Samarkand UZB"]
[Date "2023.12.30"]
[Round "17.64"]
[White "Xie, Felix"]
[Black "Leiva, Gianmarco"]
[Result "0-1"]
[WhiteElo "2107"]
[BlackElo "2338"]
[EventDate "2023.12.29"]

1. Nf3 Nf6 2. b3 d5 3. Bb2 c5 4. e3 e6 5. d4 Nc6 6. Bd3 Bd6 7. dxc5 Bxc5 8.
O-O O-O 9. a3 Qe7 10. b4 Bd6 11. Nbd2 e5 12. c4 e4 13. Bxf6 gxf6 14. cxd5
exf3 15. dxc6 fxg2 16. Kxg2 Qe5 17. Rh1 Kh8 18. Qf3 Rg8+ 19. Kf1 Bg4 20.
Qe4 Qxa1+ 21. Bb1 f5 22. Qd3 Rad8 23. h3 Bxb4 24. Qb3 Qc3 25. Qxc3+ Bxc3
26. hxg4 Rxd2 27. Bxf5 Rd1+ 28. Kg2 Rxh1 29. cxb7 Rc1 30. Bc8 Rb1 31. Kf3
Be5 32. Ke4 Bb8 33. f3 Rc1 34. Bd7 Rc7 35. Bc8 Rgxc8 36. bxc8=Q+ Rxc8 0-1

[Event "World Blitz 2023"]
[Site "Samarkand UZB"]
[Date "2023.12.30"]
[Round "17.65"]
[White "Amilal, Munkhdalai"]
[Black "Rojas Salas, Steven"]
[Result "0-1"]
[WhiteElo "2293"]
[BlackElo "2210"]
[EventDate "2023.12.29"]

1. e4 c5 2. Nf3 e6 3. b3 b6 4. d4 cxd4 5. Nxd4 Bb7 6. Bd3 Qf6 7. c3 Nc6 8.
Nxc6 Bxc6 9. O-O g6 10. f4 Bg7 11. e5 Qd8 12. Nd2 d6 13. Nc4 d5 14. Nd6+
Kf8 15. Ba3 Ne7 16. Qe2 Kg8 17. g4 d4 18. f5 Nxf5 19. Bxf5 gxf5 20. cxd4
Qh4 21. Rac1 Bd5 22. Rc7 h5 23. Rxf7 hxg4 24. R1xf5 g3 25. Rxg7+ Kxg7 26.
Rf7+ Kg8 27. Kf1 gxh2 28. Qe3 0-1

[Event "World Blitz 2023"]
[Site "Samarkand UZB"]
[Date "2023.12.30"]
[Round "17.66"]
[White "Zilka, Stepan"]
[Black "Chinguun, Sumiya"]
[Result "0-1"]
[WhiteElo "2494"]
[BlackElo "2200"]
[EventDate "2023.12.29"]

1. e4 c5 2. Nf3 e6 3. d4 cxd4 4. Nxd4 a6 5. Bd3 Qc7 6. O-O Bc5 7. Nb3 Be7
8. Qg4 g6 9. Qe2 d6 10. Na3 h5 11. Be3 Nf6 12. Nc4 Nbd7 13. a4 Ng4 14. Bf4
e5 15. Bd2 O-O 16. h3 Ngf6 17. a5 d5 18. exd5 Nxd5 19. Rfe1 Bf6 20. Be4 Nf4
21. Bxf4 exf4 22. c3 Rb8 23. Rad1 b5 24. Nd6 Ne5 25. Nxc8 Qxc8 26. Rd6 Bg7
27. Nd4 Qc7 28. Rxa6 Nc4 29. Rc6 Qxa5 30. b4 Qa4 31. Nxb5 Ne5 32. Rc5 Nd7
33. Bc2 Qa2 34. Rc7 f3 35. gxf3 Ne5 36. Re7 Rxb5 37. f4 Nf3+ 38. Qxf3 Qxc2
0-1

[Event "World Blitz 2023"]
[Site "Samarkand UZB"]
[Date "2023.12.30"]
[Round "17.67"]
[White "Xue, Haowen"]
[Black "Bryakin, Mikhail"]
[Result "1-0"]
[WhiteElo "2155"]
[BlackElo "2495"]
[EventDate "2023.12.29"]

1. e4 c6 2. Nf3 d5 3. Nc3 Nf6 4. e5 Ne4 5. Bd3 Nxc3 6. dxc3 Bg4 7. Bf4 e6
8. h3 Bh5 9. g4 Bg6 10. h4 Bxd3 11. cxd3 h5 12. Ng5 g6 13. gxh5 Rxh5 14.
Qf3 Qe7 15. O-O-O Nd7 16. d4 a5 17. Kb1 a4 18. Bc1 Nb6 19. Rh3 Nc4 20. Qe2
Bh6 21. Rf3 Bxg5 22. Bxg5 Qc7 23. Rdd3 Ra5 24. Ka1 Rb5 25. Bc1 Rxh4 26. Rh3
Qe7 27. Qd1 Kd7 28. f4 Ra5 29. Qe1 Rxh3 30. Rxh3 Ra8 31. Rh7 Kc7 32. Kb1
Kb6 33. Qg1 Qf8 34. Qg5 Qg8 35. Qh6 Qf8 36. Qg5 Qg8 37. Qh6 Rc8 38. b3 Na5
39. Kc2 Ka6 40. Ba3 axb3+ 41. axb3 Qd8 42. Bc5 b6 43. Bd6 Nb7 44. Ba3 c5
45. dxc5 Nxc5 46. Bxc5 Rxc5 47. Rxf7 d4 48. c4 d3+ 49. Kd2 Qd4 50. Qh1 Qb2+
51. Ke3 Qe2+ 52. Kd4 Qb2+ 53. Ke3 Qe2+ 54. Kd4 Qb2+ 55. Ke3 Ka5 56. Qe1+
Ka6 57. Qd2 Qxb3 58. Qxd3 Qb2 59. Re7 Ra5 60. c5+ Rb5 61. Rxe6 Ka5 62. Rxb6
Rxb6 63. cxb6 Qxb6+ 64. Qd4 Qb3+ 65. Ke4 Qc2+ 66. Qd3 Qg2+ 67. Ke3 Qg3+ 68.
Ke4 Qg2+ 69. Kd4 Kb6 70. e6 Kc7 71. Ke5 Qb2+ 72. Ke4 Qb4+ 73. Kf3 Qd6 74.
Qxg6 Qd1+ 75. Ke3 Kc6 76. e7+ Kc7 77. e8=Q Qe1+ 78. Kd4 Qb4+ 79. Ke5 Qb2+
80. Kf5 Qc2+ 81. Qe4 Qc5+ 82. Qe5+ 1-0